书目信息 |
| 题名: |
西洋乐器演奏与编配技法研究
|
|
| 作者: | 王鸣娜 , 来雯 , 苏娅塔娜 编著 | |
| 分册: | ||
| 出版信息: | 长春 吉林科学技术出版社 2021.1 |
|
| 页数: | 290页 | |
| 开本: | 24cm | |
| 丛书名: | ||
| 单 册: | ||
| 中图分类: | J620.6 , J627 | |
| 科图分类: | ||
| 主题词: | 西乐器--奏法--研究 , 西乐器--乐队编制--研究 | |
| 电子资源: | ||
| ISBN: | 978-7-5578-5497-3 | |
| 000 | 00948nam0 2200277 45 | |
| 001 | 012001001642 | |
| 005 | 20141010173115.0 | |
| 010 | @a978-7-5578-5497-3@dCNY70.00 | |
| 100 | @a20200711d2019 em y0chiy50 ea | |
| 101 | 0 | @achi |
| 102 | @aCN@b220000 | |
| 105 | @aag z 000yy | |
| 106 | @ar | |
| 200 | 1 | @a西洋乐器演奏与编配技法研究@Axi yang yue qi yan zou yu bian pei ji fa yan jiu@b专著@f王鸣娜,来雯,苏娅塔娜编著 |
| 210 | @a长春@c吉林科学技术出版社@d2021.1 | |
| 215 | @a290页@c图@d24cm | |
| 330 | @a本书共分九章,分别为西洋乐器及其音乐体裁、弓弦乐器及其演奏方法梳理、木管乐器及其演奏方法梳理、铜管乐器及其演奏方法梳理等。 | |
| 606 | 0 | @a西乐器@x奏法@x研究 |
| 606 | 0 | @a西乐器@x乐队编制@x研究 |
| 690 | @aJ620.6@v5 | |
| 690 | @aJ627@v5 | |
| 701 | 0 | @a王鸣娜@Awang ming na@4编著 |
| 701 | 0 | @a来雯@Alai wen@4编著 |
| 701 | 0 | @a苏娅塔娜@Asu ya ta na@4编著 |
| 801 | 2 | @aCN@b江苏凤凰@c20211018 |
| 905 | @b1345147-50@dJ620.6@e551@f4 | |
| 西洋乐器演奏与编配技法研究/王鸣娜,来雯,苏娅塔娜编著.-长春:吉林科学技术出版社,2021.1 |
| 290页:图;24cm |
| ISBN 978-7-5578-5497-3:CNY70.00 |
| 本书共分九章,分别为西洋乐器及其音乐体裁、弓弦乐器及其演奏方法梳理、木管乐器及其演奏方法梳理、铜管乐器及其演奏方法梳理等。 |
| ● |
| 相关链接 |
|
|
|
|
正题名:西洋乐器演奏与编配技法研究
索取号:J620.6/551
 
预约/预借
| 序号 | 登录号 | 条形码 | 馆藏地/架位号 | 状态 | 备注 |
| 1 | 1345147 | 213451478 | 第一样本阅览室/ [索取号:J620.6/551] | 在馆 | |
| 2 | 1345148 | 213451487 | 第一借阅区/ [索取号:J620.6/551] | 在馆 | |
| 3 | 1345149 | 213451496 | 第一借阅区/ [索取号:J620.6/551] | 在馆 | |
| 4 | 1345150 | 213451502 | 第一借阅区/ [索取号:J620.6/551] | 在馆 |